| 000 | 01336nam a2200325Ia 4500 | ||
|---|---|---|---|
| 001 | ebr10369813 | ||
| 003 | CaPaEBR | ||
| 006 | m u | ||
| 007 | cr cn||||||||| | ||
| 008 | 100421s2009 dcua s i000 0 eng d | ||
| 020 | _z9780821378427 | ||
| 020 | _z9780821380642 | ||
| 020 | _z0821378422 | ||
| 040 |
_aCaPaEBR _cCaPaEBR |
||
| 035 | _a(OCoLC)680614173 | ||
| 050 | 1 | 4 |
_aHJ8899 _b.G562 2009eb |
| 245 | 0 | 0 |
_aGlobal development finance _h[electronic resource] : _bcharting a global recovery. _nVolume 2, _pSummary and country tables / _cthe World Bank. |
| 260 |
_aWashington D.C. : _bWorld Bank, _cc2009. |
||
| 300 |
_axxi, 277 p. : _bill., tables. |
||
| 490 | 0 |
_aGlobal development finance, _x1020-5454 ; _v2009, 2 |
|
| 533 |
_aElectronic reproduction. _bPalo Alto, Calif. : _cebrary, _d2010. _nAvailable via World Wide Web. _nAccess may be limited to ebrary affiliated libraries. |
||
| 650 | 0 |
_aDebts, External _zDeveloping countries _vStatistics. |
|
| 650 | 0 |
_aFinance _zDeveloping countries. |
|
| 650 | 0 | _aInternational finance. | |
| 650 | 0 |
_aInvestments, Foreign _zDeveloping countries. |
|
| 655 | 7 |
_aElectronic books. _2local |
|
| 710 | 2 | _aWorld Bank. | |
| 710 | 2 | _aebrary, Inc. | |
| 856 | 4 | 0 |
_uhttp://site.ebrary.com/lib/rucke/Doc?id=10369813 _zAn electronic book accessible through the World Wide Web; click to view |
| 999 |
_c213939 _d213939 |
||